000
00333nam a22001457a 4500
003
OSt
005
20220404161924.0
008
220404b |||||||| |||| 00| 0 eng d
020
_a
9789382174011
040
_c
HU
082
_a
690
100
_a
Gupta
_9
1644
245
_a
Construction Technology & Management
942
_2
ddc
_c
BOOKS
_n
0
999
_c
34295
_d
34295